Omosessualità e sacerdozio : questioni formative /

保存先:
書誌詳細
第一著者: Guarinelli, Stefano
フォーマット: 図書
言語:イタリア語
出版事項: Milano : Àncora, 2019
シリーズ:Saggi
主題:
タグ: タグ追加
タグなし, このレコードへの初めてのタグを付けませんか!

MARC

LEADER 00000nam a2200000 i 4500
001 IT\ICCU\CFI\1006664
003 ItRI
005 20260115232109.0
008 191219s2019 it |||||| ||||| |||||c
015 |2 IT  |a 2019-9217 
020 |a 9788851422165 
040 |b ita  |c importazione bologna sebina 
041 7 |a ita  |2 ISO-639-2 
082 |a 261.835766  |9 CRISTIANESIMO E PROBLEMI SOCIALI. Omosessualità  |2 23 
100 1 |a Guarinelli, Stefano  |0 IT\ICCU\MILV\263831 
245 1 0 |a Omosessualità e sacerdozio :  |b questioni formative /  |c Stefano Guarinelli ; prefazione di Luca Bressan. 
260 |a Milano :  |b Àncora,  |c 2019 
300 |a 125 p. ;  |c 21 cm 
500 |a In quarta di copertina: Disponibile in eBook 
500 |a Scritti già pubblicati in: La scuola cattolica, 2018-2019 
650 7 |a Omosessualità  |x Concezione cristiana 
830 0 |a Saggi  |0 IT\ICCU\LO1\1182179 
942 |2 ddc  |c BK  |n 0 
952 |0 0  |1 0  |4 0  |6 DOC_253_252000000000000_GUA  |7 0  |9 20004  |a BO  |b BO  |d 2026-01-15  |i 19244  |l 0  |o DOC 253.252 GUA  |p BO19244  |r 2026-01-15 23:21:09  |w 2026-01-15  |x [Sebina 5] [1 v.]  |y BK  |z 1 v. 
999 |c 17053  |d 17053